The laws of Tanzania through cases / (Record no. 11655)

MARC details
000 -LEADER
fixed length control field 01954nam a22004212 4500
001 - CONTROL NUMBER
control field 0000025355
005 - DATE AND TIME OF LATEST TRANSACTION
control field 20151217154522.0
008 - FIXED-LENGTH DATA ELEMENTS--GENERAL INFORMATION
fixed length control field 150723s xx 000 0 eng d
020 ## - INTERNATIONAL STANDARD BOOK NUMBER
International Standard Book Number 9966530110 :
040 ## - CATALOGING SOURCE
Original cataloging agency KABU
Transcribing agency KABU
100 1# - MAIN ENTRY--PERSONAL NAME
Personal name Bwana, Steven J.
-- 0000186000
245 14 - TITLE STATEMENT
Title The laws of Tanzania through cases /
Statement of responsibility, etc. by Steven J. Bwana and Mashauri K. Benjamin.
260 ## - PUBLICATION, DISTRIBUTION, ETC. (IMPRINT)
Place of publication, distribution, etc. Dare-es-Salaam :
Name of publisher, distributor, etc. Law Africa,
Date of publication, distribution, etc. 2014.
300 ## - PHYSICAL DESCRIPTION
Extent xli, 484 p.
650 #0 - SUBJECT ADDED ENTRY--TOPICAL TERM
Topical term or geographic name as entry element Law
Geographic subdivision Tanzania.
-- 0000186001
700 1# - ADDED ENTRY--PERSONAL NAME
Personal name Benjamin, Mashauri K.
-- 0000186002
852 1# - LOCATION
-- p1800 KES
852 1# - LOCATION
-- p1800 KES
852 1# - LOCATION
-- p1800 KES
852 1# - LOCATION
-- p1800 KES
852 1# - LOCATION
-- p1800 KES
852 1# - LOCATION
-- p1800 KES
852 1# - LOCATION
-- p1800 KES
852 1# - LOCATION
-- p1800 KES
852 1# - LOCATION
-- p1800 KES
852 1# - LOCATION
-- p1800 KES
852 1# - LOCATION
-- p1800 KES
852 1# - LOCATION
-- p1800 KES
852 1# - LOCATION
-- p1800 KES
852 1# - LOCATION
-- p1800 KES
852 1# - LOCATION
-- p1800 KES
852 1# - LOCATION
-- p1800 KES
852 1# - LOCATION
-- p1800 KES
852 1# - LOCATION
-- p1800 KES
852 1# - LOCATION
-- p1800 KES
908 ## - PUT COMMAND PARAMETER (RLIN)
Put command parameter 150723
950 ## - LOCAL HOLDINGS (RLIN)
-- 1
Holdings
Withdrawn status Lost status Source of classification or shelving scheme Not for loan Home library Current library Date acquired Total Checkouts Full call number Barcode Date last seen Price effective from Koha item type
    Library of Congress Classification   Kabarak, Main Campus Kabarak, Main Campus 17/12/2015   KTT1.9 .B83 2014 c. 2 018321 17/12/2015 17/12/2015 General Collection
    Library of Congress Classification   Kabarak, Main Campus Kabarak, Main Campus 17/12/2015   KTT1.9 .B83 2014 c. 3 018322 17/12/2015 17/12/2015 General Collection
    Library of Congress Classification   Kabarak, Main Campus Kabarak, Main Campus 17/12/2015   KTT1.9 .B83 2014 c. 4 018317 17/12/2015 17/12/2015 General Collection
    Library of Congress Classification   Kabarak, Main Campus Kabarak, Main Campus 17/12/2015   KTT1.9 .B83 2014 c. 5 019220 17/12/2015 17/12/2015 General Collection
    Library of Congress Classification   Kabarak, Main Campus Kabarak, Main Campus 17/12/2015   KTT1.9 .B83 2014 c. 6 018316 17/12/2015 17/12/2015 General Collection
    Library of Congress Classification   Kabarak, Main Campus Kabarak, Main Campus 17/12/2015   KTT1.9 .B83 2014 c. 7 018319 17/12/2015 17/12/2015 General Collection
    Library of Congress Classification   Kabarak, Main Campus Kabarak, Main Campus 17/12/2015   KTT1.9 .B83 2014 c. 8 019221 17/12/2015 17/12/2015 General Collection
    Library of Congress Classification   Kabarak, Main Campus Kabarak, Main Campus 17/12/2015   KTT1.9 .B83 2014 c. 9 019222 17/12/2015 17/12/2015 General Collection
    Library of Congress Classification   Kabarak, Main Campus Kabarak, Main Campus 17/12/2015   KTT1.9 .B83 2014 c. 10 018327 17/12/2015 17/12/2015 General Collection
    Library of Congress Classification   Kabarak, Main Campus Kabarak, Main Campus 17/12/2015   KTT1.9 .B83 2014 c. 11 018325 17/12/2015 17/12/2015 General Collection
    Library of Congress Classification   Kabarak, Main Campus Kabarak, Main Campus 17/12/2015   KTT1.9 .B83 2014 c. 12 019223 17/12/2015 17/12/2015 General Collection
    Library of Congress Classification   Kabarak, Main Campus Kabarak, Main Campus 17/12/2015   KTT1.9 .B83 2014 c. 13 019224 17/12/2015 17/12/2015 General Collection
    Library of Congress Classification   Kabarak, Main Campus Kabarak, Main Campus 17/12/2015   KTT1.9 .B83 2014 c. 14 018314 17/12/2015 17/12/2015 General Collection
    Library of Congress Classification   Kabarak, Main Campus Kabarak, Main Campus 17/12/2015   KTT1.9 .B83 2014 c. 15 018315 17/12/2015 17/12/2015 General Collection
    Library of Congress Classification   Kabarak, Main Campus Kabarak, Main Campus 17/12/2015   KTT1.9 .B83 2014 c. 16 018323 17/12/2015 17/12/2015 General Collection
    Library of Congress Classification   Kabarak, Main Campus Kabarak, Main Campus 17/12/2015   KTT1.9 .B83 2014 c. 17 018318 17/12/2015 17/12/2015 General Collection
    Library of Congress Classification   Kabarak, Main Campus Kabarak, Main Campus 17/12/2015   KTT1.9 .B83 2014 c. 18 018320 17/12/2015 17/12/2015 General Collection
    Library of Congress Classification   Kabarak, Main Campus Kabarak, Main Campus 17/12/2015   KTT1.9 .B83 2014 c. 19 018324 17/12/2015 17/12/2015 General Collection
    Library of Congress Classification   Kabarak, Main Campus Kabarak, Main Campus 17/12/2015   KTT1.9 .B83 2014 c. 20 018326 17/12/2015 17/12/2015 General Collection
    Library of Congress Classification   Kabarak, Main Campus Kabarak, Main Campus 17/12/2015   KTT1.9 .B83 2014 c. 1 019219 17/12/2015 17/12/2015 Africana Collection
Designed with assistance from East African Informatics Ltd